000 01029nam0a22002531 4500
001 rc\2769062
005 20250810043621.0
035 _a(NLR Aleph) 006895464
090 _a7191826
_c7191826
100 _a20110915d1941 u y0rusy50 ca
101 0 _arus
102 _aRU
105 _aa z |||||
200 1 _aЛистовые конструкции
_eРезервуары, газгольдеры, фабричные трубы, бункера
_fЗаслуж. деятель науки и техники д-р техн. наук. проф. К. М. Дубяга
_gВоен.-инж. акад. КА им. В. В. Куйбышева
210 _aМосква
_cВИА
_d1941
215 _a120 с.
_cил., черт.
_d22 см.
700 1 _aДубяга
_bК.М.
_f1877-
_gКонстантин Михайлович
801 0 _aRU
_bNLR
_gpsbo
801 1 _aRU
_bELAR
_2rusmarc
852 _aNLR
_jТ80 Г-6/104
942 _cBOOK
945 _aРоссийская национальная библиотека
980 _aNB
980 _aBV